Descentralización y estrategias organizativas: las relaciones especiales entre partidos de ámbito estatal (PAE) y partidos de ámbito no estatal (PANE) en España /
Gorde:
| Egile nagusia: | |
|---|---|
| Beste egile batzuk: | |
| Formatua: | Texto |
| Etiketak: |
Etiketa erantsi
Etiketarik gabe, Izan zaitez lehena erregistro honi etiketa jartzen!
|
MARC
| LEADER | 00000 a a2200000 04500 | ||
|---|---|---|---|
| 001 | 44854 | ||
| 003 | |||
| 040 | |||
| 100 | |a Verge, Tània | ||
| 245 | |a Descentralización y estrategias organizativas: |b las relaciones especiales entre partidos de ámbito estatal (PAE) y partidos de ámbito no estatal (PANE) en España / |c Tània Verge, Oscar Barberà | ||
| 700 | |a Barberà, Oscar | ||
| 773 | |g número281 ( , 2009), 37 páginas | ||
| 999 | |c 32319 |d 32319 | ||
